Victimología y control social (Record no. 85596)

MARC details
000 -LEADER
fixed length control field 00667cam a2200205 4500
005 - DATE AND TIME OF LATEST TRANSACTION
control field 20190905102450.0
008 - FIXED-LENGTH DATA ELEMENTS--GENERAL INFORMATION
fixed length control field 190904b ag ||||| |||| 00| 0 spa d
020 ## - INTERNATIONAL STANDARD BOOK NUMBER
International Standard Book Number 9506791414
050 04 - LIBRARY OF CONGRESS CALL NUMBER
Classification number HV9960.A7
Item number N48 1994
100 1# - MAIN ENTRY--PERSONAL NAME
Personal name Neuman, Elías,
Dates associated with a name 1932-2011,
Relator term autor
245 10 - TITLE STATEMENT
Title Victimología y control social
Remainder of title : las víctimas del sistema penal
Statement of responsibility, etc / Elías Neuman.
250 ## - EDITION STATEMENT
Edition statement 1a ed.
260 ## - PUBLICATION, DISTRIBUTION, ETC. (IMPRINT)
Place of publication, distribution, etc Buenos Aires :
Name of publisher, distributor, etc Universidad,
Date of publication, distribution, etc 1994.
300 ## - PHYSICAL DESCRIPTION
Extent 292 p. ;
Dimensions 23 cm.
504 ## - BIBLIOGRAPHY, ETC. NOTE
Bibliography, etc Bibliografía : p. 285-289
650 #4 - SUBJECT ADDED ENTRY--TOPICAL TERM
Topical term or geographic name as entry element Justicia criminal, administración de
Geographic subdivision Argentina.
650 #7 - SUBJECT ADDED ENTRY--TOPICAL TERM
Source of heading or term lemb
Topical term or geographic name as entry element Presos
General subdivision Crímenes contra
Geographic subdivision Argentina.
650 #7 - SUBJECT ADDED ENTRY--TOPICAL TERM
Source of heading or term lemb
Topical term or geographic name as entry element Administración de justicia penal
942 ## - ADDED ENTRY ELEMENTS (KOHA)
Source of classification or shelving scheme Biblioteca del Cogreso de los Estados Unidos
Koha item type Libro
Holdings
Estado de pérdida Fuente de clasificación Estado del daño No para préstamo Ubicación permanente Ubicación actual Apartado o colección Fecha de adquisición Edición Dependencia de educación superior (DES) Área del conocimiento Clasificación Código de Barras Date last seen Número de copia Costo por reposición Tipo de recurso
  Biblioteca del Cogreso de los Estados Unidos     Biblioteca de la Facultad de Derecho y Ciencias Sociales "Felipe J. Tena" Biblioteca de la Facultad de Derecho y Ciencias Sociales "Felipe J. Tena" General 04/09/2019 1a ed. Derecho Ciencias Sociales y Administrativas HV9960.A7 N48 1994 BFD000011613 04/09/2019 1 1.00 Libro